00246nam a2200097 a 450000500170000000800410001705000220005824500280008026000100010865000300011820140414131845.0100524s19uu xx 00 eng d aM 220.9bB35 1993 aJonah and the big fish. c1993. aJonahxbiblical character